000 00764nam a2200217Ii 4500
003 JO-AjNU
008 230605s9999||||xx |||||||||||||| ||und||
017 _a2012/6/2220
020 _a978-9957-19-046-0
040 _aJO-AjNU
_bara
_erda
_cJO-AjNU
041 _aara
050 1 4 _aR644.J6.A45 2012
100 3 _aابو عيشة ، نعمان واخرون ,
_eauthor
_946286
245 0 0 _aكامل العجلوني طبيبا وعالما وانسانا
264 3 1 _aعمان :مؤسسة عبد الحميد شومان ، 2012
300 _a383ص
336 _atext
_btxt
_2rdacontent
337 _aunmediated
_bn
_2rdamedia
338 _avolume
_bnc
_2rdacarrier
650 4 _aالاطباء الاردنيون- تراجم- كامل العجلوني
_946287
999 _aA20124
_c23692
_d23692